Modelovanie procesov obstarávania informačných systémov malých podnikov
Informácia o obhajobe dizertačnej práce, ktorá sa konala 6. 6. 2006. Cieľom práce bolo navrhnúť model procesu obstarania informačného systému pre malý podnik a využiť tento model pre výber poradia ponúk, ktoré najlepšie zodpovedajú stanoveným kritériám.
Guardado en:
| Autor principal: | |
|---|---|
| Formato: | Capítulo de libro |
| Lenguaje: | eslovaco |
| Materias: | |
| Etiquetas: |
Sin Etiquetas, Sea el primero en etiquetar este registro!
|
MARC
| LEADER | 00000naa$a2200000$$$4500 | ||
|---|---|---|---|
| 001 | 0060815 | ||
| 005 | 20231102123940.7 | ||
| 041 | 0 | |a slo | |
| 044 | |a SK | ||
| 245 | 1 | 0 | |a Modelovanie procesov obstarávania informačných systémov malých podnikov |c Tomáš Gál |
| 520 | |a Informácia o obhajobe dizertačnej práce, ktorá sa konala 6. 6. 2006. Cieľom práce bolo navrhnúť model procesu obstarania informačného systému pre malý podnik a využiť tento model pre výber poradia ponúk, ktoré najlepšie zodpovedajú stanoveným kritériám. | ||
| 610 | 2 | 0 | |a práce kvalifikačné |
| 610 | 2 | 0 | |a systémy informačné podnikové |
| 610 | 2 | 0 | |a modelovanie systémov riadiacich |
| 610 | 2 | 0 | |a podnik malý |
| 100 | 1 | |a Gál, Tomáš | |